Cytological studies melenide with special references / (Record no. 127709)

MARC details
000 -LEADER
fixed length control field 00595nam a22002177a 4500
005 - DATE AND TIME OF LATEST TRANSACTION
control field 20170124110029.0
010 ## - LIBRARY OF CONGRESS CONTROL NUMBER
LC control number A-828721
020 ## - INTERNATIONAL STANDARD BOOK NUMBER
Terms of availability 00.00
035 ## - SYSTEM CONTROL NUMBER
System control number A-828721
037 ## - SOURCE OF ACQUISITION
Source of stock number/acquisition Cen Lib/Ret
040 ## - CATALOGING SOURCE
Original cataloging agency DPL
Language of cataloging EN
082 ## - DEWEY DECIMAL CLASSIFICATION NUMBER
Classification number 591.162
Item number JAC
100 ## - MAIN ENTRY--PERSONAL NAME
Personal name Jacob, J
9 (RLIN) 21303
245 ## - TITLE STATEMENT
Title Cytological studies melenide with special references /
Statement of responsibility, etc by Jacob J.
260 ## - PUBLICATION, DISTRIBUTION, ETC. (IMPRINT)
Place of publication, distribution, etc Chennai
Name of publisher, distributor, etc Annamalai university
Date of publication, distribution, etc 1959
270 ## - ADDRESS
City Chennai
300 ## - PHYSICAL DESCRIPTION
Extent 186p.:
Dimensions 26cm(Hb)
Other physical details ill.
650 ## - SUBJECT ADDED ENTRY--TOPICAL TERM
Topical term or geographic name as entry element Cytology
9 (RLIN) 21304
650 ## - SUBJECT ADDED ENTRY--TOPICAL TERM
Topical term or geographic name as entry element Melenide
9 (RLIN) 21305
942 ## - ADDED ENTRY ELEMENTS (KOHA)
Source of classification or shelving scheme Dewey Decimal Classification
Koha item type English Books
Classification part 591.162
Call number suffix JAC
Holdings
Withdrawn status Lost status Damaged status Not for loan Home library Current library Date acquired Source of acquisition Cost, normal purchase price Total Checkouts Full call number Barcode Date last seen Copy number Cost, replacement price Price effective from Koha item type
        Central Library Central Library 30/06/2015 Cen Lib/Ret 0.00   591.162 JAC A-828721 30/06/2015 1 0.00 15/09/2016 English Books

© Delhi Public Library
Hit Counter
free hit counter